El impuesto sobre la renta (Registro nro. 9893)
[ vista simple ]
| 000 -CABECERA | |
|---|---|
| Longitud fija campo de control | 01357nam a2200373 c 4500 |
| 001 - NÚMERO DE CONTROL | |
| Número de control | 9893 |
| 003 - IDENTIFICADOR DE NÚMERO DE CONTROL | |
| Identificador del número de control | ES-MaCES |
| 005 - FECHA Y HORA DE LA ÚLTIMA TRANSACCIÓN | |
| Fecha y hora de la última transacción | 20141221122035.0 |
| 008 - CAMPO FIJO DE DESCRIPCIÓN FIJA--INFORMACIÓN GENERAL | |
| Códigos de información de longitud fija | 991202s1999 sp l 000 | spa d |
| 017 ## - NÚMERO DE REGISTRO DE DERECHOS DE AUTOR Y DEPÓSITO LEGAL | |
| Número de copyright o de depósito legal | M 22644-1999 |
| Agencia que asigna el número | DL |
| 020 ## - ISBN (INTERNATIONAL STANDARD BOOK NUMBER) | |
| Número Internacional Normalizado para Libros (ISBN) | 8472486753 |
| 035 ## - NÚMERO DE CONTROL DEL SISTEMA | |
| Número de control del sistema | CES19990019246m |
| 040 ## - FUENTE DE CATALOGACIÓN | |
| Centro catalogador de origen | ES-MaCES |
| Lengua de catalogación | spa |
| Centro transcriptor | ES-MaCES |
| 245 03 - MENCIÓN DE TÍTULO | |
| Título | El impuesto sobre la renta |
| Resto del título | : comentarios a la Ley 40/1998 y su Reglamento |
| Mención de responsabilidad, etc. | Miguel Gordillo ... [et al.] |
| 260 ## - PUBLICACIÓN, DISTRIBUCIÓN, ETC (PIE DE IMPRENTA) | |
| Lugar de publicación, distribución, etc. | Madrid |
| -- | Barcelona |
| Nombre del editor, distribuidor, etc. | Marcial Pons, Ediciones jurídicas y sociales |
| Fecha de publicación, distribución, etc. | 1999 |
| 300 ## - DESCRIPCIÓN FÍSICA | |
| Extensión | 785 p. |
| Dimensiones | 25 cm |
| 490 1# - MENCIÓN DE SERIE | |
| Mención de serie | Garrigues & Andersen |
| 541 ## - NOTA DE LA FUENTE INMEDIANTE DE ADQUISICIÓN | |
| Forma de adquisición | Compra |
| 610 14 - ASIENTO SECUNDARIO DE MATERIA--NOMBRE CORPORATIVO | |
| Nombre de entidad corporativa o nombre de jurisdicción como elemento inicial | España |
| Título de la obra | Ley del impuesto sobre la renta de las personas físicas y otras normas tributarias |
| Fecha del congreso o de la firma de un tratado | 1998 |
| 9 (RLIN) | 2962 |
| 650 #4 - ASIENTO SECUNDARIO DE MATERIA--TÉRMINO DE MATERIA | |
| Término de materia o nombre geográfico como elemento inicial | impuesto sobre la renta de personas físicas |
| 9 (RLIN) | 28084 |
| 650 #4 - ASIENTO SECUNDARIO DE MATERIA--TÉRMINO DE MATERIA | |
| Término de materia o nombre geográfico como elemento inicial | España |
| 9 (RLIN) | 26964 |
| 650 #4 - ASIENTO SECUNDARIO DE MATERIA--TÉRMINO DE MATERIA | |
| Término de materia o nombre geográfico como elemento inicial | 1998 |
| 9 (RLIN) | 31169 |
| 650 #4 - ASIENTO SECUNDARIO DE MATERIA--TÉRMINO DE MATERIA | |
| Término de materia o nombre geográfico como elemento inicial | legislación económica |
| 9 (RLIN) | 27161 |
| 650 #4 - ASIENTO SECUNDARIO DE MATERIA--TÉRMINO DE MATERIA | |
| Término de materia o nombre geográfico como elemento inicial | régimen jurídico |
| 9 (RLIN) | 29894 |
| 650 #4 - ASIENTO SECUNDARIO DE MATERIA--TÉRMINO DE MATERIA | |
| Término de materia o nombre geográfico como elemento inicial | texto |
| 9 (RLIN) | 29624 |
| 650 #4 - ASIENTO SECUNDARIO DE MATERIA--TÉRMINO DE MATERIA | |
| Término de materia o nombre geográfico como elemento inicial | comentario |
| 9 (RLIN) | 28971 |
| 653 10 - TÉRMINO DE INDEXACIÓN--NO CONTROLADO | |
| Término no controlado | Legislación |
| 700 1# - ENCABEZAMIENTO SECUNDARIO--NOMBRE PERSONAL | |
| Nombre de persona | Gordillo, Miguel |
| 9 (RLIN) | 13950 |
| 710 1# - ENCABEZAMIENTO SECUNDARIO--NOMBRE CORPORATIVO | |
| Nombre de entidad o nombre de jurisdicción como elemento inicial | España |
| Título de la obra | Ley del impuesto sobre la renta de las personas físicas y otras normas tributarias |
| Fecha del congreso o de la firma de un tratado | 1998 |
| 9 (RLIN) | 2962 |
| 830 #0 - ENCABEZAMIENTO SECUNDARIO DE COLECCIÓN--TÍTULO UNIFORME | |
| Título uniforme | Garrigues & Andersen |
| 9 (RLIN) | 33362 |
| 902 ## - CES. TIPO DE DOCUMENTO | |
| Tipodoc (006$c Sirtex) | LIB Libro |
| 942 ## - ELEMENTOS KOHA | |
| Fuente de clasificaión o esquema | Clasificación propia del CES |
| Koha [por defecto] tipo de item | Monografías |
| Parte de clasificación | 6.1. |
| Número de registro | Signatura completa | Tipo de item de Koha |
|---|---|---|
| 033395 | DPT-9696 | Monografías |
